[Event "Stockholm Chess Challenge 2018"]
[Site "Stockholm"]
[Date "2018.05.01"]
[Round "3"]
[White "Kantans, Toms"]
[Black "Kaasen, Tor Fredrik"]
[Result "1-0"]
[WhiteElo "2510"]
[BlackElo "2369"]
[Annotator "TA"]
[PlyCount "73"]
[EventDate "2018.??.??"]
[EventCountry "SWE"]
[SourceTitle "playchess.com"]
[Source "ChessBase"]
[SourceQuality "1"]

{[%evp 15,73,55,47,40,52,59,61,47,71,62,119,101,114,96,116,68,87,80,93,88,108,96,117,104,125,39,26,40,175,168,330,342,333,312,312,313,327,327,256,273,1051,600,1014,1010,1080,1067,1225,1099,1456,1453,1446,1392,1415,1387,2258,2120,2315,2238,29986,1434]} 1. e4 c5 2. Nf3 e6 3. d4 cxd4 4. Nxd4 a6 5. c4 Nf6 6. Nc3 Bb4 7. Qf3 d6 {B41: Sicilian: Kan Variation: 5 c4} 8. Nc2 Ba5 {LiveBook: 5 Games} 9. Be2 $146 ({Predecessor:} 9. b4 Bc7 10. Bf4 Nc6 11. Be2 Ne5 12. Qe3 Qe7 13. Bg3 O-O 14. O-O a5 15. a3 axb4 16. axb4 {1-0 (39) Svidler,P (2748)-Spraggett,K (2542) Caleta 2017}) 9... Nbd7 {White is slightly better.} 10. b4 Bc7 11. O-O O-O 12. Rd1 Qe7 (12... Ne5 $14 13. Qg3 Bd7) 13. Bf4 $16 Ne5 14. Qg3 Nfd7 15. Ne3 $40 {[%mdl 128] White is up to no good.} Kh8 16. Rac1 f6 17. h4 {[%cal Bh2h4,Bh4h5][%mdl 32]} b6 18. h5 Bb7 19. Qh3 Kg8 20. Ncd5 (20. Bg3 $16) 20... exd5 $14 21. Nf5 Qf7 (21... Qd8 $14) 22. cxd5 $18 Rac8 $2 {[#]} (22... Nc5) 23. Bh6 $1 {[%cal Rh6g7][%mdl 512]} g6 (23... gxh6 24. Nxh6+) 24. Bxf8 gxf5 {[#]} 25. Bh6 $1 fxe4 {[#] White should prevent ...f5.} 26. Rc3 $1 Kh8 27. Rdc1 Nb8 $2 (27... Nc5 28. bxc5 dxc5) 28. Bg4 Bxd5 29. Bxc8 Bd8 30. Rg3 Nbc6 31. Bg7+ Qxg7 32. Rxg7 Kxg7 33. h6+ Kf8 34. Be6 Nd4 35. Bxd5 Ne2+ 36. Kf1 {White wants to mate with Qc8.} Nxc1 37. Qc8 {Precision: White = 77%, Black = 31%.} (37. Qg3 $142 Ke8 38. Qg8+ Kd7 39. Qxh7+ Be7 40. Qf5+ Kd8 41. h7 Ng6 42. Bc6) 1-0

[Event "Stockholm Chess Challenge 2018"]
[Site "Stockholm"]
[Date "2018.05.01"]
[Round "3"]
[White "Blomqvist, Erik"]
[Black "Crevatin, Leo"]
[Result "1-0"]
[WhiteElo "2494"]
[BlackElo "2157"]
[Annotator "TA"]
[PlyCount "119"]
[EventDate "2018.??.??"]
[EventCountry "SWE"]
[SourceTitle "playchess.com"]
[Source "ChessBase"]
[SourceQuality "1"]

{[%evp 14,119,29,26,16,17,34,43,37,43,40,23,30,27,27,23,38,13,44,31,60,60,58,53,56,60,65,55,58,32,45,37,60,34,73,62,75,61,52,27,61,61,61,62,95,74,136,93,106,110,105,104,104,103,104,114,133,126,142,135,124,135,126,138,136,131,240,239,654,643,631,621,601,576,1066,1054,1083,983,959,945,807,501,482,472,388,365,336,327,587,577,566,534,706,691,652,613,836,822,799,805,760,748,565,708,12839,8175,2181,2074]} 1. Nf3 d5 2. g3 Nf6 3. Bg2 c6 4. c4 Bf5 5. Qb3 Qb6 6. d3 e6 {A11: English Opening: 1...c6} 7. Be3 (7. O-O Be7 8. Qc2 O-O 9. cxd5 cxd5 10. Be3 Qa6 11. Rc1 Ng4 12. Bf4 Nc6 13. h3 Nf6 14. Ne5 Nxe5 15. Bxe5 {½-½ (47) Eljanov,P (2757)-Malakhov,V (2698) Novi Sad 2016}) 7... Qxb3 8. axb3 {LiveBook: 9 Games} Bb4+ {White has an edge.} 9. Nc3 a6 10. Nh4 Bg6 11. h3 Nbd7 12. Nxg6 $146 ({Predecessor:} 12. Kd1 O-O {1-0 (25) Komljenovic,D (2505)-Garcia Garcia,E (2029) Seville 2002}) 12... hxg6 13. Kd1 O-O-O 14. Kc2 Rhe8 15. Bd2 Bc5 16. e3 d4 17. Ne2 dxe3 18. fxe3 Bb6 19. Rhf1 Re7 20. Rad1 Nc5 21. Bc3 e5 22. h4 Kb8 {Strongly threatening ...Ng4.} 23. Bh3 Bc7 24. b4 $36 {[%mdl 2048] White has the initiative.} Ne6 25. Rf2 Rh8 26. Bd2 Rd7 27. e4 Re7 28. Rdf1 b6 29. Rf3 Kb7 (29... Nd4+ $142 30. Nxd4 exd4) 30. Be3 Bd6 31. c5 bxc5 32. Bxe6 Rxe6 33. bxc5 Be7 34. Bg1 Rf8 35. Nc1 Bd8 36. Nb3 Re7 37. Nd2 Nd7 38. Nc4 f6 39. Nd6+ Kb8 (39... Ka8 $16 {is a better defense.} 40. Ra1 Nb8) 40. Ra1 $18 Bc7 $2 (40... a5 41. b4 f5 42. exf5 (42. bxa5 fxe4 43. Rxf8 exd3+ 44. Kxd3 Nxf8 $16) 42... gxf5 43. bxa5 (43. Rxf5 Rxf5 44. Nxf5 Rf7 $16) 43... f4) 41. Rxa6 Bxd6 42. cxd6 Re6 43. d4 {Black must now prevent Rb3+.} Kb7 {[#]} 44. Ra7+ $1 {[%mdl 512]} Kc8 (44... Kxa7 45. d5+) 45. Rc7+ Kd8 46. Rxc6 exd4 47. Bxd4 {Hoping for Ra3.} Rxe4 48. Rfc3 {[%csl Gc3][%cal Rc6c8]} Ke8 49. Rc8+ Kf7 {...Rxc8 is the strong threat.} 50. Rxf8+ Nxf8 $2 {[%mdl 4096] Endgame [#] KRB-KRN} (50... Kxf8 {might work better.} 51. Rc7 Rxd4) 51. Rc7+ $1 {White is clearly winning.} Ke8 52. Kd3 Re6 53. Bc5 Nd7 54. b4 Re1 55. Kc4 Rd1 56. Kb5 Rd3 57. Kc6 Ne5+ 58. Kb7 Rxg3 59. Re7+ Kf8 {[#]} 60. Rxe5 $1 {[%mdl 512] Precision: White = 82%, Black = 42%.} 1-0

[Event "Stockholm Chess Challenge 2018"]
[Site "Stockholm"]
[Date "2018.05.01"]
[Round "3"]
[White "Kobo, Ori"]
[Black "Reshef, Omer"]
[Result "1/2-1/2"]
[WhiteElo "2484"]
[BlackElo "2482"]
[Annotator "TA"]
[PlyCount "61"]
[EventDate "2018.??.??"]
[EventCountry "SWE"]
[SourceTitle "playchess.com"]
[Source "ChessBase"]
[SourceQuality "1"]

{[%evp 19,61,-2,-3,-7,0,0,-8,-15,-22,0,0,0,0,0,0,0,0,0,0,0,0,0,0,0,0,0,0,0,0,0,0,0,0,0,0,0,0,0,0,0,0,0,0,0]} 1. d4 Nf6 2. Bf4 d5 3. Nf3 c5 4. e3 Nc6 5. Nbd2 e6 6. c3 Bd6 7. Bg3 O-O 8. Bb5 {D02: 1 d4 d5 2 Nf3 sidelines, including 2...Nf6 3 g3 and 2...Nf6 3 Bf4} Bxg3 (8... Be7 9. Bd3 b6 10. O-O Bb7 11. h3 Bd6 12. Bh4 Be7 13. Qb1 h6 14. a3 Nh5 15. Bxe7 Qxe7 {½-½ (64) Carlsen,M (2837)-Wang,H (2709) Riadh 2017}) 9. hxg3 Qb6 10. a4 cxd4 {LiveBook: 4 Games. The position is equal.} 11. exd4 a6 12. Bxc6 $1 bxc6 {[%cal Bb7c6,Bc6c5][%mdl 32]} 13. Qc2 $146 ({Predecessor:} 13. Qb3 Qxb3 14. Nxb3 Rb8 15. Ra3 Ng4 {1-0 (66) Alekseev,E (2618)-Alekseenko,K (2588) St Petersburg 2017}) 13... c5 14. g4 {[%cal Bg3g4,Bg4g5][%mdl 32] Hoping for g5.} g6 15. g5 {aiming for dxc5.} Ng4 16. Ne5 Nxe5 17. dxe5 Rb8 18. b3 Qc7 19. f4 Bb7 20. Kf2 c4 21. Rh6 {Rah1 is the strong threat.} Qc5+ 22. Kg3 $1 {Black must now prevent Rah1.} cxb3 23. Rah1 Qe3+ 24. Nf3 $1 bxc2 25. Rxh7 {[#]} Qxf4+ $1 26. Kf2 $1 {[#] White wants to mate with Rh8+.} (26. Kxf4 c1=Q+) 26... Qe3+ $1 27. Kg3 $1 {[#]} (27. Kxe3 c1=Q+) 27... Qf4+ $1 28. Kf2 $1 {[#]} (28. Kxf4 c1=Q+) 28... Qe3+ $1 29. Kg3 $1 {[#] Rh8+ would kill now.} (29. Kxe3 c1=Q+) 29... Qf4+ $1 30. Kf2 $1 {[#] Threatening mate with Rh8+.} (30. Kxf4 c1=Q+) 30... Qe3+ $1 31. Kg3 $1 {Precision: White = 94%, Black = 92%.} (31. Kxe3 c1=Q+) 1/2-1/2

[Event "Stockholm Chess Challenge 2018"]
[Site "Stockholm"]
[Date "2018.05.01"]
[Round "3"]
[White "Haria, Ravi"]
[Black "Sankalp Gupta"]
[Result "0-1"]
[WhiteElo "2441"]
[BlackElo "2374"]
[Annotator "TA"]
[PlyCount "80"]
[EventDate "2018.??.??"]
[EventCountry "SWE"]
[SourceTitle "playchess.com"]
[Source "ChessBase"]
[SourceQuality "1"]

{[%evp 13,80,22,21,10,28,20,27,20,0,2,10,0,0,0,0,0,0,0,12,12,19,14,13,17,9,18,35,-64,-65,-78,-74,-103,-61,-145,0,-81,-82,-62,-49,-102,-16,-57,-36,-61,-69,-107,-16,-45,-34,-58,-42,-27,0,-425,-422,-437,-437,-415,-429,-410,-416,-403,-398,-426,-442,-804,-790,-1832,-1636]} 1. e4 c5 2. Nf3 Nc6 3. Bb5 g6 4. Bxc6 bxc6 5. O-O Bg7 6. Re1 Nh6 7. c3 O-O 8. h3 {B31: Sicilian: 2...Nc6 3 Bb5 g6} f5 9. e5 Nf7 10. d4 {White has an edge.} (10. d3 a5 11. Bf4 e6 12. Qd2 h6 13. h4 Re8 14. c4 d6 15. Nc3 Ra7 {1-0 (35) Anand,V (2776)-Dubov,D (2701) Moscow 2018}) 10... cxd4 11. cxd4 Bb7 12. Nc3 c5 $1 13. d5 e6 14. Bf4 h6 15. h4 $146 ({Predecessor:} 15. Bg3 g5 {0-1 (42) Evans,S (1717)-Sitorus,Y ICCF email 2015}) 15... exd5 16. Nxd5 {Black should prevent Qb3.} g5 17. hxg5 hxg5 18. Be3 g4 $132 {[%mdl 2048] Black is fighting back} 19. Nh2 Bxe5 20. Nf1 (20. f4 $14 gxf3 21. Nxf3) 20... d6 $1 $15 (20... Bxb2 $6 21. Rb1 $14) 21. Nf4 Qf6 (21... Bxb2 22. Rb1 $16) 22. Ng3 Rab8 (22... Bxb2 23. Rb1 $16) 23. Rb1 ({White should play} 23. Nfh5 $15 Qh4 24. Nf4) 23... Rfe8 (23... Ng5 $1 $17 24. Nfh5 Qg6) 24. Qc2 (24. b4 $1 $11 {remains equal.}) 24... Be4 $1 $17 {[%cal Re4c2]} 25. Nxe4 fxe4 26. Nd5 (26. g3 $15) 26... Qh8 ({Better is} 26... Qf5 $1 $17 27. b4 cxb4 28. Rxb4 (28. Bxa7 Rbc8 $17) 28... Rxb4 29. Nxb4 Kg7) 27. g3 Qh7 $1 (27... Rxb2 $2 28. Qxe4 Qh7 29. Nf6+ $1 {[%mdl 512]} Bxf6 30. Qxe8+ Kg7 31. Rxb2 $18) 28. b4 Kg7 $1 {aiming for ...Rh8.} 29. bxc5 {Black must now prevent c6.} Rh8 (29... Rxb1 $17 30. Rxb1 dxc5) 30. Kf1 $11 Qh1+ 31. Ke2 Qf3+ 32. Kd2 {And now c6 would win.} dxc5 {Hoping for ...Rhd8.} 33. Qxc5 $2 {[%mdl 8192] [#]} (33. Rxb8 $11 Rxb8 34. Qxc5) 33... Rbc8 $1 $19 {[%cal Rc8c5]} ({And not} 33... Rxb1 34. Rxb1 Rd8 35. Rb7 $11) 34. Qa5 ({But not} 34. Qe7 $2 Rhd8) 34... Rhd8 35. Rec1 {[#]} Rxd5+ $1 {[%mdl 512]} 36. Qxd5 Rd8 37. Qxd8 Nxd8 38. Rb5 Qf6 {Black is clearly winning.} 39. Rc4 (39. Ke2 $142) 39... Qd6+ 40. Kc1 Qa3+ {Precision: White = 34%, Black = 79%.} 0-1

[Event "Stockholm Chess Challenge 2018"]
[Site "Stockholm"]
[Date "2018.05.01"]
[Round "3"]
[White "Rao, SV Srinath"]
[Black "Kucuksari, Kaan"]
[Result "1-0"]
[WhiteElo "2363"]
[BlackElo "2251"]
[Annotator "TA"]
[PlyCount "87"]
[EventDate "2018.??.??"]
[EventCountry "SWE"]
[SourceTitle "playchess.com"]
[Source "ChessBase"]
[SourceQuality "1"]

{[%evp 14,87,31,19,27,21,37,30,29,27,37,37,31,37,31,39,31,30,44,44,61,42,42,36,55,-7,4,25,79,58,50,51,51,53,50,52,54,75,82,87,117,100,194,137,156,127,193,129,390,391,386,428,431,427,418,412,388,387,485,480,568,602,547,593,588,580,564,547,577,547,560,532,523,503,697,660]} 1. e4 {[%cal Be2e4,Be4e5][%mdl 32]} Nf6 {[%cal Bg8f6,Bf6d5,Bd5b6][%mdl 32]} 2. e5 Nd5 3. d4 d6 4. c4 Nb6 5. exd6 exd6 6. Be3 Be7 7. Nc3 O-O 8. b3 {LiveBook: 4 Games. B03: Alekhine's Defence: Four Pawns Attack} (8. Nf3 Re8 9. Be2 Be6 10. d5 Bg4 11. Qc2 Na6 12. h4 Qd7 13. Nd4 Bf6 14. O-O-O Nb4 15. Qb3 a5 16. Bxg4 Qxg4 {½-½ (29) Sengupta,D (2548)-Bauer,C (2681) Biel 2012}) 8... Bg5 9. Bd3 Re8 10. Qf3 {White is slightly better.} Qe7 $146 ({Predecessor:} 10... Nc6 11. Nge2 Bxe3 12. fxe3 Qg5 13. Kd2 Re7 14. h3 Be6 15. Qf4 Qxf4 16. Nxf4 {1-0 (40) Martinez Lopez,C (2148)-Torrecillas Martinez,A (2341) Barcelona 2018}) 11. Kd2 Nc6 12. Qe4 Bxe3+ 13. fxe3 {[%cal Bf2e3,Be3e4][%mdl 32]} Bf5 14. Qxe7 Nxe7 15. e4 Bg6 16. h4 {[%cal Bh2h4,Bh4h5][%mdl 32] Threatens to win with h5.} h6 17. h5 Bh7 18. Nb5 Rec8 $1 19. Ne2 (19. Nf3 $14) 19... a6 20. Nbc3 c5 (20... Nd7 $11 {remains equal.}) 21. dxc5 Rxc5 22. Nd5 $1 $36 {[%cal Rd5e7][%mdl 2048] White has the initiative.} Nexd5 23. exd5 Bxd3 24. Kxd3 Nd7 25. a4 Rc7 26. Ng3 Nc5+ 27. Kc3 Re8 (27... Rb8 $16) 28. Rae1 (28. Rhe1 $18 Rxe1 29. Rxe1) 28... Rd8 29. Nf5 Kf8 {[#]} (29... b5 $16 {keeps fighting.}) 30. g4 (30. a5 $1 $18) 30... f6 $2 {[%mdl 8192]} (30... b5 $16) 31. a5 $18 b5 32. axb6 Rb7 33. b4 Na4+ 34. Kb3 Nxb6 35. Re6 Nd7 36. Nxd6 {White is clearly winning.} Nc5+ 37. Ka3 Rxb4 {[#]} 38. Rxf6+ $1 {[%mdl 512]} gxf6 39. Kxb4 {KRN-KRN} Nd3+ 40. Kc3 Nf2 41. Rf1 Nxg4 42. Ne4 Ke7 43. Rf4 Ne5 44. Rxf6 {Precision: White = 75%, Black = 42%.} 1-0

[Event "Stockholm Chess Challenge 2018"]
[Site "Stockholm"]
[Date "2018.05.01"]
[Round "3"]
[White "Storme, Isak"]
[Black "Firat, Burak"]
[Result "0-1"]
[WhiteElo "2323"]
[BlackElo "2446"]
[Annotator "TA"]
[PlyCount "82"]
[EventDate "2018.??.??"]
[EventCountry "SWE"]
[SourceTitle "playchess.com"]
[Source "ChessBase"]
[SourceQuality "1"]

{[%evp 22,82,4,4,42,19,42,20,42,26,26,26,42,42,42,28,42,40,47,10,23,9,18,0,0,-345,-345,-321,-362,-325,-187,-211,-208,-211,-209,-224,-208,-562,-553,-565,-564,-677,-685,-813,-808,-779,-779,-1035,-1037,-1083,-1043,-1010,-766,-1766,-1742,-1925,-1946,-1863,-1652,-1807,-1631,-1728,-1634]} 1. e4 e6 2. d4 d5 3. Nc3 Bb4 4. e5 c5 5. a3 Bxc3+ 6. bxc3 Qa5 7. Bd2 Qa4 8. Qb1 c4 9. Nf3 {C18: French: 3 Nc3 Bb4: Main line: 7 h4 and 7 Qg4} (9. h4 f6 10. Nf3 Nc6 11. Bf4 Qa5 12. Qb2 Bd7 13. g3 Nge7 14. h5 O-O-O 15. Bh3 g5 16. exf6 gxf4 17. fxe7 {½-½ (44) Kobalia,M (2599)-Andreikin,D (2712) Moscow 2018}) 9... Nc6 10. h4 Bd7 11. g3 O-O-O 12. Bh3 {LiveBook: 3 Games} f5 13. Ke2 $146 ({Predecessor:} 13. g4 fxg4 14. Bxg4 Nh6 15. Bxh6 gxh6 16. Qc1 Rhg8 {0-1 (30) Mihok,O (2402)-Rajlich,I (2406) Budapest 2007}) 13... Rf8 14. Ne1 h6 15. h5 Be8 16. Bf1 Nge7 {[%cal Bg8e7,Be7c8,Bc8b6][%mdl 32]} 17. Ng2 Kb8 18. Nf4 Bd7 19. Qb2 Rf7 20. Rb1 {[%csl Gb1][%cal Rb2b7]} Qa6 21. Be3 Nc8 22. a4 Nb6 23. Qb5 $2 {[%mdl 8192] [#]} (23. Bg2 $11) 23... Nxd4+ $1 $19 {[%mdl 512]} 24. Bxd4 {aiming for Qxa6.} (24. cxd4 Bxb5) 24... Bxb5 25. axb5 Qa2 (25... Qa4 $142 26. Kd2 Re8) 26. Bg2 Qxc2+ 27. Ke3 {[#]} Qa4 $1 28. Nxe6 Re8 29. Nc5 $2 (29. Nf4 {nothing else works.}) 29... Qc2 {Black is clearly winning.} 30. f4 {intending Rhg1.} Rc7 {Strongly threatening ...Rxc5.} 31. Bf3 {[#]} Rxc5 $1 32. Bxc5 Qxc3+ 33. Kf2 Qd2+ 34. Be2 d4 35. Rhd1 Qe3+ $1 36. Kf1 Rd8 37. Bd6+ {[#]} Rxd6 $1 38. exd6 d3 39. Bxd3 cxd3 {[%cal Bc4d3,Bd3d2][%mdl 32]} 40. Re1 Qf3+ 41. Kg1 d2 {Precision: White = 45%, Black = 57%.} 0-1

[Event "Stockholm Chess Challenge 2018"]
[Site "Stockholm"]
[Date "2018.05.01"]
[Round "3"]
[White "Pantzar, Milton"]
[Black "Sorensen, Hampus"]
[Result "1-0"]
[WhiteElo "2295"]
[BlackElo "2243"]
[Annotator "TA"]
[PlyCount "79"]
[EventDate "2018.??.??"]
[EventCountry "SWE"]
[SourceTitle "playchess.com"]
[Source "ChessBase"]
[SourceQuality "1"]

{[%evp 20,79,10,16,54,47,42,38,50,58,56,61,64,63,60,64,55,52,52,4,76,58,143,143,147,151,122,96,81,81,117,110,105,72,118,80,102,82,103,95,212,172,258,260,227,189,320,174,144,160,584,560,511,501,448,443,1042,1033,5609,5609,5609,5400]} 1. Nf3 d5 2. e3 Nf6 3. c4 c6 4. Nc3 e6 5. d4 Nbd7 6. Bd2 Bd6 7. Bd3 O-O 8. O-O dxc4 9. Bxc4 e5 10. Qc2 Qe7 11. h3 {LiveBook: 65 Games} exd4 {D46: Semi-Slav: 5 e3 Nbd7 6 Bd3, Black avoids the Meran} (11... e4 12. Ng5 Nb6 13. Bb3 Bf5 14. f3 Nbd5 15. Ngxe4 Nxe4 16. Nxe4 Rae8 17. Qd1 Bxe4 18. fxe4 Qxe4 19. Bc2 Qh4 20. Qf3 Bb4 21. Bxb4 Nxb4 22. Bb3 Nd5 23. Bxd5 cxd5 24. Rac1 Qe7 {½-½ (24) Jakovenko,D (2703)-Giri,A (2775) Geneva 2017}) 12. exd4 Nb6 13. Rfe1 Qc7 {White is slightly better.} 14. Bb3 Nbd5 $146 ({Predecessor:} 14... Bf4 15. Re5 Bxd2 16. Qxd2 Qd6 17. Rae1 Bd7 18. Ng5 Rae8 19. Rxe8 Bxe8 {1-0 (40) Smagin,S (2505)-Govedarica,R (2425) Trnava 1987}) 15. Nxd5 Nxd5 16. Bxd5 cxd5 17. Qxc7 Bxc7 18. Bb4 Rd8 19. Rac1 Bb6 (19... Bb8 $1 $11) 20. Re7 $36 {[%mdl 2048] White has good play.} h6 (20... f6 $14) 21. Bc5 Be6 22. Bxb6 axb6 23. Rxb7 Rxa2 24. Rxb6 Ra7 25. Ne5 Rda8 26. Rb4 Re7 27. Nd3 g5 28. Re1 Kg7 29. Nc5 Raa7 (29... Kf8 $16) 30. f3 Bf5 {[#]} (30... Ra8 {might work better.} 31. Rb6 Ree8) 31. Rxe7 $1 $18 Rxe7 {[%mdl 4096] Endgame KRB-KRN} 32. Kf2 Bc2 (32... Ra7 $142 33. Rb6 Bc2) 33. Rb7 (33. Rb8 $142) 33... Rxb7 34. Nxb7 {KB-KN} h5 $2 {[#]} (34... Kf6 $16 {is more resistant.} 35. Nc5 Ke7) 35. Nc5 {White is clearly winning.} Kf6 36. b4 {[%cal Bb2b4,Bb4b5,Bb5b6][%mdl 32]} Ke7 37. b5 h4 (37... Kd6 $142 38. b6 Kc6) 38. b6 Kd6 39. Na6 Kc6 40. Nb4+ {Precision: White = 62%, Black = 10%.} 1-0

[Event "Stockholm Chess Challenge 2018"]
[Site "Stockholm"]
[Date "2018.05.01"]
[Round "3"]
[White "Kantane, Anna"]
[Black "Maiorov, Nikita"]
[Result "0-1"]
[WhiteElo "2266"]
[BlackElo "2543"]
[Annotator "TA"]
[PlyCount "60"]
[EventDate "2018.??.??"]
[EventCountry "SWE"]
[SourceTitle "playchess.com"]
[Source "ChessBase"]
[SourceQuality "1"]

{[%evp 24,60,47,16,27,16,25,30,33,12,14,-44,-29,-101,-102,-102,-93,-79,-99,-225,-214,-245,-265,-242,-264,-257,-250,-238,-235,-234,-221,-237,-237,-235,-235,-220,-232,-260,-260]} 1. e4 e5 2. Nf3 Nc6 3. Bb5 {[%cal Bf1b5,Bb5a4,Ba4b3][%mdl 32]} a6 4. Ba4 Nf6 5. O-O Be7 6. Re1 b5 7. Bb3 d6 8. c3 O-O 9. h3 Nb8 {[%cal Bc6b8,Bb8d7,Bd7e5,Be5d3][%mdl 32]} 10. d4 Nbd7 11. c4 c6 12. Nc3 Qc7 {C95: Closed Ruy Lopez: Breyer Variation with 10 d4} (12... b4 13. Ne2 Nxe4 14. Qc2 f5 15. c5+ d5 16. Be3 Kh8 17. Nxe5 Nxe5 18. dxe5 Bh4 19. g3 Bg5 20. Bxg5 Qxg5 {1-0 (46) Grandelius,N (2652)-Amin,B (2700) Sharjah 2018}) 13. a3 {LiveBook: 10 Games} exd4 14. Nxd4 Ne5 {The position is equal.} 15. Qe2 $146 {[%cal Rc4b5]} ({Predecessor:} 15. cxb5 axb5 16. Bg5 h6 17. Bf4 b4 18. Na4 bxa3 19. bxa3 Re8 20. Nb2 Bf8 21. Qc2 c5 22. Nb5 Qb8 23. a4 Bd7 24. Rad1 Bc6 25. f3 {½-½ (25) Lampert,J (2367)-Wagner,D (2465) Deizisau 2014}) 15... Re8 16. cxb5 axb5 {[%cal Ba6b5,Bb5b4][%mdl 32]} 17. f4 (17. Be3 $11) 17... b4 $15 18. Na4 (18. Ncb5 $11 cxb5 19. Nxb5) 18... Ba6 $17 19. Qc2 Nd3 20. Rd1 c5 $36 {[%mdl 2048] Black is in control.} ({Of course not} 20... Nxe4 21. Rxd3 Bxd3 22. Qxd3 $11) 21. Be3 (21. Nf5 $17 {was forced.} Nxc1 22. Qxc1) 21... Qb7 ({Not} 21... Nxe4 22. Nf3 $15) 22. Rxd3 {[#] Threatens to win with Nf5.} Qxe4 23. Rad1 cxd4 24. Bxd4 Rac8 25. Qd2 Bxd3 26. Qxd3 {[#]} Rc1 $1 {[%mdl 512] aiming for ...Qxd3.} 27. Qxe4 (27. Rxc1 Qxd3) 27... Rxd1+ 28. Bxd1 Nxe4 29. axb4 Rb8 30. Bc3 d5 {Precision: White = 20%, Black = 92%.} 0-1

[Event "Stockholm Chess Challenge 2018"]
[Site "Stockholm"]
[Date "2018.05.01"]
[Round "3"]
[White "Pranav Anand"]
[Black "Thorn, Eric"]
[Result "1-0"]
[WhiteElo "2158"]
[BlackElo "2312"]
[Annotator "TA"]
[PlyCount "49"]
[EventDate "2018.??.??"]
[EventCountry "SWE"]
[SourceTitle "playchess.com"]
[Source "ChessBase"]
[SourceQuality "1"]

{[%evp 21,49,43,37,37,66,43,57,50,74,95,121,78,91,89,123,102,104,53,71,50,140,125,206,202,205,201,231,216,617,609]} 1. d4 Nf6 2. c4 e6 3. Nf3 Bb4+ 4. Bd2 a5 5. g3 d6 6. Bg2 Nbd7 7. O-O e5 8. Be3 exd4 {E11: Bogo-Indian} (8... O-O 9. Qc2 exd4 10. Bxd4 Re8 11. Nc3 c6 12. Rad1 Qe7 13. a3 Bc5 14. Rfe1 h6 15. e4 Bxd4 16. Nxd4 {½-½ (70) Postny,E (2616)-Van Wely,L (2685) Novi Sad 2016}) 9. Bxd4 O-O 10. Nc3 c6 11. Qc2 Qe7 {LiveBook: 5 Games} 12. Rfe1 $146 ({Predecessor:} 12. Na4 Re8 13. e3 Bc5 14. Rad1 Ne4 15. Nd2 Nxd2 16. Qxd2 {1-0 (56) Koziak,V (2503)-Drasko,M (2471) Sautron 2012}) 12... Ne5 13. Nd2 Re8 14. e4 Nfd7 15. f4 Ng6 16. Nf3 Bc5 17. Rad1 Nb6 18. b3 Bg4 19. Qf2 (19. Bxc5 $16 dxc5 20. e5) 19... Bxf3 20. Bxf3 {[%cal Bg2f3,Bf3g4,Bg4d7][%mdl 32] Strongly threatening e5.} Nf8 ({Black should try} 20... Nd7 $14) 21. Bg4 Nbd7 {[#]} (21... Rad8 $16 22. Bxc5 dxc5) 22. Bxc5 $1 $18 dxc5 23. e5 Ne6 24. Ne4 Nd4 $2 (24... Ndf8 25. f5 Nd4) 25. Bxd7 $1 {Precision: White = 79%, Black = 24%.} 1-0

[Event "Stockholm Chess Challenge 2018"]
[Site "Stockholm"]
[Date "2018.05.01"]
[Round "3"]
[White "Jeferli, Mohammed Ali"]
[Black "Seo, Jung Min"]
[Result "0-1"]
[WhiteElo "1934"]
[BlackElo "2349"]
[Annotator "TA"]
[PlyCount "94"]
[EventDate "2018.??.??"]
[EventCountry "SWE"]
[SourceTitle "playchess.com"]
[Source "ChessBase"]
[SourceQuality "1"]

{[%evp 16,94,32,6,13,14,23,0,0,0,4,0,12,0,2,-72,-76,-104,-85,-150,-83,-89,-70,-93,-46,-103,-106,-101,-92,-88,-75,-151,-151,-134,-158,-158,-133,-154,-151,-278,-200,-262,-208,-261,-217,-235,-181,-207,-154,-175,-153,-190,-175,-177,-89,-145,-61,-177,-140,-225,-191,-306,-289,-502,-500,-485,-472,-520,-498,-527,-543,-888,-883,-1094,-1068,-1180,-545,-1332,-913,-29998,-29999]} 1. c4 Nf6 2. g3 g6 3. Bg2 Bg7 4. e3 O-O 5. d4 d6 6. Ne2 e5 7. Nbc3 Qe7 8. O-O c6 9. b3 e4 {E61: King's Indian: Early deviations for White, including Smyslov System} 10. h3 h5 11. Ba3 (11. Nf4 Re8 12. f3 exf3 13. Qxf3 Nh7 14. Qf2 Nd7 15. e4 Qf6 {1-0 (25) Ghaem Maghami,E (2559)-Firouzja,A (2372) Teheran 2014}) 11... Bf5 {The position is equal.} 12. Rc1 a5 13. Qd2 Nbd7 $146 ({Predecessor:} 13... Re8 14. Kh2 Nbd7 15. Rce1 Nf8 16. Ng1 N8h7 17. c5 {0-1 (57) Kaposztas,M (2226)-Sinkovics,P (2331) Ajka 2009}) 14. Rfd1 Rfb8 15. c5 (15. Nf4 $11) 15... d5 $17 16. Qb2 g5 17. Na4 (17. Kh2 $142) 17... Qe6 ({Better is} 17... Bf8 $1 18. Nac3 b5) 18. Kh2 Ne8 {[%cal Bf6e8,Be8g7,Bg7e6][%mdl 32]} 19. Nec3 Bg6 20. Bf1 (20. Qd2 $15) 20... f5 21. Ne2 Bh6 22. Qc3 Qf7 23. Qd2 (23. Bg2 $142) 23... Ng7 24. Nb6 Nxb6 25. cxb6 Rd8 26. Rc2 Ne6 27. Bc1 (27. Nc3 $17 {was called for.}) 27... Kh7 28. a4 Rg8 29. Bg2 Qg7 30. Rg1 Rgf8 31. Ba3 Rfd8 32. Bc1 Qf7 33. Bf1 Qe7 34. Ra2 Qd7 (34... Rg8 $19 35. Bg2 Qd8) 35. Ba3 ({White should play} 35. b4) 35... Rg8 (35... h4 $17 36. Bg2 f4 $1 {[%mdl 512]} 37. gxf4 gxf4 38. Nxf4 Nxf4 39. exf4 Bh5) 36. Ra1 (36. b4 $1 $15) 36... Rg7 {[%cal Bg8g7,Bg7f7,Bf7f2][%mdl 32]} 37. Ra2 (37. b4 $17) 37... Rf7 38. Bb2 (38. b4 $142) 38... f4 $19 39. Bc3 $2 (39. Kh1 {might work better.}) 39... fxe3 40. fxe3 Rf2+ 41. Bg2 g4 42. h4 Raf8 43. Raa1 R8f3 44. Raf1 Bxe3 45. Qd1 {[#]} Qf7 (45... Rxg3 $142 $1 {[%csl Gg4][%cal Rg3h3][%mdl 512]} 46. Rxf2 (46. Nxg3 Qd8) 46... Bxf2) 46. Bxa5 Qe7 {( -> ...Qxh4+!)} 47. Be1 {[#]} Qxh4+ $1 {[%mdl 512] Precision: White = 20%, Black = 53%.} 0-1